000 00208 a2200097 4500
001 48120
100 _aDonald San
245 _aStudies in Muslim ethics
260 _aLondon
_bSPCIK
_c
090 _c31092
_d31092
942 _aNUST-CAE
_cM
_c23439
999 _c283193
_d283193